Commonwealth Workshop on Gender & Democracy (Record no. 1413)

MARC details
000 -LEADER
fixed length control field 00423nam a22001217a 4500
008 - FIXED-LENGTH DATA ELEMENTS--GENERAL INFORMATION
fixed length control field 230619b xxu||||| |||| 00| 0 eng d
082 ## - DEWEY DECIMAL CLASSIFICATION NUMBER
Classification number 305.3
Item number COM
100 ## - MAIN ENTRY--PERSONAL NAME
Titles and words associated with a name Common Wealth Secretariant
245 ## - TITLE STATEMENT
Title Commonwealth Workshop on Gender & Democracy
Remainder of title A workshop in the deepening democracy series
Statement of responsibility, etc. Windhoek, Namibia 9-11 february 2000
260 ## - PUBLICATION, DISTRIBUTION, ETC. (IMPRINT)
Place of publication, distribution, etc. Namibia
Name of publisher, distributor, etc. Common Wealth Secretariat
Date of publication, distribution, etc. 2000
300 ## - PHYSICAL DESCRIPTION
Extent 24p
942 ## - ADDED ENTRY ELEMENTS (KOHA)
Source of classification or shelving scheme Dewey Decimal Classification
Koha item type Books
Holdings
Withdrawn status Lost status Source of classification or shelving scheme Damaged status Not for loan Home library Current library Date acquired Total Checkouts Full call number Barcode Date last seen Price effective from Koha item type
    Dewey Decimal Classification     County Hall Archives County Hall Archives 06/19/2023   305.3 COM 10011257 06/19/2023 06/19/2023 Books
LIBRARY OPENING HOURS

When the Parliament is sitting: 8.00a.m - 7.00p.m or until the house adjourns
Mondays and Fridays and when the House is on Recess:  8.00a.m - 5.00p.m
Closed on Weekends and Public Holidays

Online Public Access Catalog (OPAC)
Website: http://www.parliament.go.ke
Bunge Library: https://libraryir.parliament.go.ke
Contact: library@parliament.go.ke | Tel no: (254-2)2221291 or 2848000 Ext 5043